| 000 | 00679nam a2200241 i 4500 | ||
|---|---|---|---|
| 001 | 27153 | ||
| 003 | ES-MaACL | ||
| 005 | 20230906153553.0 | ||
| 007 | t| | ||
| 008 | 030113s1979 fr ||||1| fre d | ||
| 020 | _a2-7073-0295-3 | ||
| 100 | 1 |
_aAxelos, Kostas. _924096 |
|
| 245 | 1 | 0 |
_aHéraclite et la philosophie _b: la première saisie de l'être en devenir de la totalitè / _cKostas Axelos. |
| 250 | _a4ª ed. | ||
| 260 |
_aParís : _bMinuit, _c[1979] |
||
| 300 |
_a275 p. ; _c22 cm. |
||
| 490 | 1 | _aArguments | |
| 500 | _aIndice. | ||
| 504 | _aBibliografía. | ||
| 830 | 0 |
_aArguments _9177474 |
|
| 852 |
_aES-MaACL _jL-11546 _bR.113329 |
||
| 999 |
_c27153 _d27153 |
||